Sistema tradicional de alimentación de patos y gallinas en una comunidad negra del Pacífico colombiano (Registro nro. 1524)

Detalles MARC
000 -CABECERA
Campo de control 00744nam a2200241 a 4500
005 - FECHA Y HORA DE LA ULTIMA TRANSACCION
Campo de control 20140228153203.0
008 - ELEMENTOS DE LONGITUD FIJA—INFORMACION GENERAL
Campo de control 140228b1993 ck ||||| |||| 00| 0 spa d
041 ## - IDIOMA
Código de idioma para texto/pista de sonido o título separado Español
044 ## - PAÍS DE PUBLICACIÓN
País de publicación Colombia
090 ## - CLASIFICACIÓN LOCAL
Colección LB
Consecutivo 01517
100 ## - ASIENTO PRINCIPAL--NOMBRE PERSONAL
Nombre personal Alvarez Torres, Marcela
245 ## - MENCION DE TITULO
Título Sistema tradicional de alimentación de patos y gallinas en una comunidad negra del Pacífico colombiano
260 ## - PUBLICACION, DISTRIBUCION, ETC. (PIE DE IMPRENTA)
Lugar de publicación, distribución, etc. Medellín
Nombre del editor, distribuidor, etc. Fundación Espavé
Fecha de publicación, distribución, etc. 1999
300 ## - DESCRIPCION FISICA
Extensión 56 p.
650 ## - ASIENTO SECUNDARIO DE MATERIA - TERMINO TEMATICO
Término temático o nombre geográfico como elemento de entrada Comunidades negras
650 ## - ASIENTO SECUNDARIO DE MATERIA - TERMINO TEMATICO
Término temático o nombre geográfico como elemento de entrada Conocimiento tradicional
650 ## - ASIENTO SECUNDARIO DE MATERIA - TERMINO TEMATICO
Término temático o nombre geográfico como elemento de entrada Patos
650 ## - ASIENTO SECUNDARIO DE MATERIA - TERMINO TEMATICO
Término temático o nombre geográfico como elemento de entrada Gallinas
650 ## - ASIENTO SECUNDARIO DE MATERIA - TERMINO TEMATICO
Término temático o nombre geográfico como elemento de entrada Hábitos alimentarios
650 ## - ASIENTO SECUNDARIO DE MATERIA - TERMINO TEMATICO
Término temático o nombre geográfico como elemento de entrada Seguridad alimentaria
662 ## - ASIENTO SECUNDARIO DE MATERIA - JERARQUIA DEL NOMBRE DE LUGAR(
País o entidad mayor Colombia
Jurisdicción política intermedia Pacífico
942 ## - ELEMENTOS ADICIONALES (KOHA)
Tipo de ítem Impreso
Sistema de clasificación Local
Existencias
Withdrawn status Lost status Sistema de Clasificación Damaged status No para préstamo Colección Inventariado Ubicación Permanente Ubicación actual Fecha de adquisición Valor Total Checkouts Número topográfico Inventario / Código de Barras Date last seen Ejemplar Price effective from Forma de adquisición Tipo de material
    Dewey Decimal Classification     General Inventariado 2017 Sala Fabio Quevedo Sala Fabio Quevedo 04/11/1999 39000.00   LB-338.19 A47s 002110 04/12/2012 Ej. 1 04/12/2012 Donación Libro